<?xml version="1.0" encoding="UTF-8"?>
<record
    xmlns:xsi="http://www.w3.org/2001/XMLSchema-instance"
    xsi:schemaLocation="http://www.loc.gov/MARC21/slim http://www.loc.gov/standards/marcxml/schema/MARC21slim.xsd"
    xmlns="http://www.loc.gov/MARC21/slim">

  <leader>02149nam a2200193 a 4500</leader>
  <controlfield tag="001">000083986</controlfield>
  <controlfield tag="005">20200120224854.0</controlfield>
  <controlfield tag="008">171211s1977    ck     gr     000 0 eng d</controlfield>
  <datafield tag="041" ind1="1" ind2=" ">
    <subfield code="a">spa</subfield>
    <subfield code="h">eng</subfield>
  </datafield>
  <datafield tag="090" ind1=" " ind2=" ">
    <subfield code="a">AN</subfield>
    <subfield code="b">SMITc</subfield>
  </datafield>
  <datafield tag="100" ind1="1" ind2=" ">
    <subfield code="a">Smith, Colin</subfield>
  </datafield>
  <datafield tag="245" ind1="1" ind2="0">
    <subfield code="a">Carlos :</subfield>
    <subfield code="b">retrato de un terrorista /</subfield>
    <subfield code="c">Colin Smith ; traducci&#xF3;n Gerardo Mayer.</subfield>
  </datafield>
  <datafield tag="260" ind1=" " ind2=" ">
    <subfield code="a">Bogot&#xE1; :</subfield>
    <subfield code="b">C&#xED;rculo de lectores,</subfield>
    <subfield code="c">1977.</subfield>
  </datafield>
  <datafield tag="300" ind1=" " ind2=" ">
    <subfield code="a">325 p&#xE0;ginas.</subfield>
  </datafield>
  <datafield tag="520" ind1=" " ind2=" ">
    <subfield code="a">"&#xBF;Qui&#xE9;n es en verdad Carlos, al que busca todo el mundo y al que pocos conocen? Carlos Mart&#xED;nez es el nombre con el que se conoce al hombre m&#xE1;s buscado del mundo. En los tres &#xFA;ltimos a&#xF1;os ha estado implicado en casi todas las operaciones terroristas importantes: el secuestro de once ministros de pa&#xED;ses productores de petr&#xF3;leo durante una reuni&#xF3;n de trabajo en Viena, el asalto del ej&#xE9;rcito rojo japon&#xE9;s a la embajada de Francia en Holanda, el ataque en Orly contra el jet de la l&#xED;nea a&#xE9;rea El Al. Hay algunos datos sobre su biograf&#xED;a, pero sus verdaderas motivaciones pol&#xED;ticas constituyen una inc&#xF3;gnita. &#xBF;Se trata de un revolucionario lleno de fervor o simplemente, es un instrumento en manos de fuerzas que desconocernos? Nacido en Venezuela, hijo de un marxista due&#xF1;o de una gran fortuna, hizo parte de sus estudios en Londres. Despu&#xE9;s fue a Mosc&#xFA; como alumno de la Universidad Patricio Lumumba, y all&#xED; comenz&#xF3; el misterio que lo transformar&#xED;a en un personaje legendario. Colin Smith ha estudiado sus antecedentes familiares y sociales, ha investigado su vida en Inglaterra, ha analizado sus posibles conexiones con la KGB, ha buscado documentaci&#xF3;n sobre su reclutamiento como miembro del Frente de Liberaci&#xF3;n de Palestina y tiene pruebas de su entrenamiento en el Oriente Medio. El autor del libro ha realizado innumerables entrevistas a testigos presenciales de las acciones terroristas, y ha reconstruido lo que sucedi&#xF3; en cada una de ellas. La novela resulta apasionante por su contenido y por la agilidad con que ha sido escrita."</subfield>
  </datafield>
  <datafield tag="534" ind1=" " ind2=" ">
    <subfield code="p">T&#xED;tulo original:</subfield>
    <subfield code="t">Carlos, portrait a terrorist</subfield>
  </datafield>
  <datafield tag="650" ind1="1" ind2="4">
    <subfield code="a">Terroristas</subfield>
    <subfield code="z">Venezuela</subfield>
  </datafield>
  <datafield tag="700" ind1="1" ind2=" ">
    <subfield code="a">Mayer, Gerardo</subfield>
    <subfield code="e">traductor.</subfield>
  </datafield>
  <datafield tag="999" ind1=" " ind2=" ">
    <subfield code="c">11482</subfield>
    <subfield code="d">11482</subfield>
  </datafield>
  <datafield tag="952" ind1=" " ind2=" ">
    <subfield code="0">0</subfield>
    <subfield code="1">0</subfield>
    <subfield code="2">ddc</subfield>
    <subfield code="4">0</subfield>
    <subfield code="7">0</subfield>
    <subfield code="8">LA</subfield>
    <subfield code="a">BPMOS</subfield>
    <subfield code="b">BPMOS</subfield>
    <subfield code="d">2020-01-20</subfield>
    <subfield code="i">NT</subfield>
    <subfield code="l">1</subfield>
    <subfield code="o">AN SMITc</subfield>
    <subfield code="p">MOS019756</subfield>
    <subfield code="q">2023-10-24</subfield>
    <subfield code="r">2023-10-07</subfield>
    <subfield code="s">2023-10-07</subfield>
    <subfield code="t">ej.1</subfield>
    <subfield code="w">2020-01-20</subfield>
    <subfield code="y">BKLIT</subfield>
    <subfield code="z">Quince d&#xED;as</subfield>
  </datafield>
</record>
